|
|
|
|
| LEADER |
00000nab a2200000uu 4500 |
| 001 |
vtls010876237 |
| 003 |
SK-MaSNL |
| 005 |
20260303185817.0 |
| 008 |
230303|1968 xo |||||||||||||||||slo| |
| 015 |
|
|
|a SNBRB
|
| 035 |
|
|
|a (urnnbn)urn:nbn:sk:snk:ar-0063fk
|
| 035 |
|
|
|a (uuid)2824509b-f585-48e0-b1cc-7e396a23a5bb
|
| 035 |
|
|
|a urn:nbn:sk:snk-ab7px5
|
| 040 |
|
|
|a SNKBUCL
|b slo
|c SNKBUCL
|e AACR2
|
| 041 |
0 |
|
|a slo
|
| 044 |
|
|
|a xo
|c SK
|
| 100 |
1 |
|
|a Zikmund, Miroslav,
|d 1921-2023
|4 aut
|9 100214
|
| 245 |
1 |
0 |
|a J. D. Dunitz, J. A. Ibers (Editors): PERSPECTIVES IN STRUCTURAL CHEMISTRY
|c M. Zikmund
|
| 773 |
0 |
|
|t Chemické zvesti
|g Roč. 22, č. 7 (1968), s. 547-548
|
| 958 |
|
|
|a OND
|
| 958 |
|
|
|a EUIPO
|
| 958 |
|
|
|a article8
|
| 999 |
|
|
|c 2133065
|d 2134995
|